| 000 | 00362nam a22001577a 4500 | ||
|---|---|---|---|
| 003 | OSt | ||
| 008 | 220609b ||||| |||| 00| 0 eng d | ||
| 020 | _a978-8126580507 | ||
| 100 | _a GODBOLE,Nina | ||
| 245 | _aCyber Security | ||
| 260 |
_aNew Delhi _bWiley _c2011 |
||
| 300 | _a570 | ||
| 650 | _aB.Tech(CSE) | ||
| 700 | _a BELAPURE,Sunita | ||
| 942 |
_2ddc _cBK |
||
| 999 |
_c11289 _d11289 |
||